000 00904cam a2200265Ia 4500
005 20180312142008.0
008 140411s1988 sp a gr 000 j spa d
020 _a8475254942
020 _a9788475254944
040 _aCO-BoUCM
_bspa
_cJose A. Gerena
_dJose A. Gerena
041 1 _aspa
100 1 _aImpey, Rose
_940309
245 1 3 _aLa Reina de las alubias
_cRose Impey ; ilustrado por Sue Porter
260 _aMadrid (España)
_bAnaya
_c1988
300 _a[20] páginas
_bilustracines a color
490 0 _aLos traviesos
650 7 _aCuentos ilustrados para niños
_937305
650 7 _aLibros ilustrados para niños
_918516
650 7 _aLiteratura infantil inglesa
_937709
690 _942863
_aLiteratura europea
700 1 _aPorter, Sue
_eilustrador
_959970
765 _tBaked bean queen
942 _a18
_cLIBRO
_e1
_mI345r
_2DEWEY
_h828.914
_n0
999 _c240874
_d240874